[Event "Essent Open"]
[Site "Hoogeveen NED"]
[Date "2000.10.18"]
[Round "6"]
[White "Ernst,S"]
[Black "Visser,Y"]
[Result "1-0"]
[WhiteElo "2373"]
[BlackElo "2418"]

1.d4 Nf6 2.c4 g6 3.Nc3 Bg7 4.e4 d6 5.Nf3 O-O 6.Be2 e5 7.Be3 Qe7 8.dxe5 dxe5
9.Nd5 Qd6 10.Qc2 Ng4 11.Bg5 f6 12.Bd2 c6 13.c5 Qd8 14.Ne3 Qe7 15.O-O Kh8
16.b4 Nxe3 17.Bxe3 f5 18.exf5 gxf5 19.Bg5 Qf7 20.Rad1 Be6 21.Rd6 Bd5 22.Nh4 Na6
23.Qd1 Nc7 24.Bh5 Qg8 25.Ng6+ hxg6 26.Bxg6  1-0

[Event "chT-SLO"]
[Site "Bled SLO"]
[Date "2000.10.19"]
[Round "6"]
[White "Sitnik,I"]
[Black "Podkriznik,G"]
[Result "0-1"]
[WhiteElo "2336"]
[BlackElo "2341"]

1.d4 Nf6 2.c4 g6 3.Nc3 Bg7 4.e4 d6 5.Nf3 O-O 6.Be2 e5 7.O-O Nbd7 8.Be3 c6
9.dxe5 dxe5 10.b4 Nh5 11.c5 Nf4 12.Bc4 Qe7 13.g3 Ne6 14.Qd2 b6 15.Ng5 Nd4
16.f4 b5 17.Bxf7+ Rxf7 18.Nxf7 Qxf7 19.fxe5 Nf3+ 20.Rxf3 Qxf3 21.Rf1 Qg4
22.Qd6 Bxe5 23.Qe7 Ba6 24.Qf7+ Kh8 25.Rd1 Rf8 26.Qxd7 Qxd7 27.Rxd7 Bxc3 28.Bh6 Re8
29.Rxa7 Bc8 30.a3 Rxe4 31.Kf2 Re8 32.Rc7 Bf5 33.Bf4 Be4 34.Bd6 Be5 35.g4 Kg8
36.h3  0-1

[Event "Essent Open"]
[Site "Hoogeveen NED"]
[Date "2000.10.19"]
[Round "7"]
[White "Dzhakaev,D"]
[Black "Pel,B"]
[Result "1-0"]
[WhiteElo "2403"]
[BlackElo "2300"]

1.Nf3 g6 2.d4 Bg7 3.c4 Nf6 4.Nc3 d6 5.e4 O-O 6.Be2 e5 7.O-O Na6 8.Re1 c6
9.Be3 Ng4 10.Bg5 f6 11.Bc1 Nh6 12.a3 Nf7 13.d5 f5 14.b4 c5 15.Rb1 b6 16.Bd3 f4
17.Be2 h5 18.Nd2 Bd7 19.Nb5 Be8 20.bxc5 dxc5 21.a4 Nb4 22.a5 Nd6 23.Ra1 Nb7
24.axb6 Qxb6 25.Nc3 a5 26.Na4 Qc7 27.Bb2 Bf6 28.Nb3 Be7 29.Nc1 Kh7 30.Nd3 Bf6
31.Bc3 Qe7 32.Ra3 Bf7 33.Ba1 Kh6 34.Qd2 g5 35.g3 Rg8 36.Qb2 Rae8 37.Kh1 Bg6
38.Bf1 Qd6 39.gxf4 gxf4 40.f3 Rg7 41.Bh3 Reg8 42.Nxe5 Be8 43.Be6 Kh7 44.Nb6 Qxb6
45.Qd2 Qd8 46.Qxf4 Nc2 47.Bf5+ Bg6 48.Nxg6 Rxg6 49.Rb3 Be7 50.Rxb7 Rg7 51.Rg1 Nd4
52.Bxg6+  1-0

[Event "1st It A"]
[Site "Salou ESP"]
[Date "2000.10.19"]
[Round "4"]
[White "Georgiev,Vl"]
[Black "Hamdouchi,H"]
[Result "1-0"]
[WhiteElo "2564"]
[BlackElo "2541"]

1.d4 d6 2.Nf3 Nf6 3.c4 g6 4.Nc3 Bg7 5.e4 O-O 6.Be2 Na6 7.O-O e5 8.d5 Nc5
9.Bg5 h6 10.Bxf6 Bxf6 11.b4 Nd7 12.Qc2 Be7 13.Bd3 Nf6 14.Ne2 Bg4 15.Nd2 c6
16.h3 Bd7 17.f4 Rc8 18.fxe5 dxe5 19.Qb3 b6 20.Rf2 Nh5 21.Raf1 Bg5 22.Nf3 Be3
23.Nxe5 cxd5 24.cxd5 Be8 25.Ng4 Bxf2+ 26.Rxf2 Qg5 27.e5 f5 28.d6+ Bf7 29.e6 fxg4
30.d7 Rc6 31.exf7+ Kh7 32.Nd4 g3 33.Rf3 Rc1+ 34.Bf1 Nf4 35.Qe3 Rxf7 36.Qxc1  1-0

[Event "chT-SLO"]
[Site "Bled SLO"]
[Date "2000.10.20"]
[Round "7"]
[White "Polajzer,D"]
[Black "Riegler,P"]
[Result "1-0"]
[WhiteElo "2416"]
[BlackElo "2293"]

1.c4 Nf6 2.Nc3 g6 3.d4 Bg7 4.e4 d6 5.Nf3 O-O 6.Be2 e5 7.O-O c6 8.Qc2 Nbd7
9.Rd1 Qe7 10.dxe5 dxe5 11.Na4 b6 12.a3 Bb7 13.b4 Nh5 14.g3 f5 15.c5 b5 16.Nc3 f4
17.Bb2 Rfd8 18.Nxb5 cxb5 19.c6 Bxc6 20.Qxc6 Rac8 21.Qxb5 Rc2 22.Rab1 Nhf6
23.Bd3 Rcc8 24.Nxe5 fxg3 25.hxg3 a6 26.Nc6 Qf8 27.Qxa6 Ng4 28.Rf1 Bxb2 29.Nxd8 Rxd8
30.Rxb2 Nde5 31.Be2 Rd6 32.Qb7 Rd7 33.Qa6 Rd6 34.Qa4 Qf6 35.Bxg4 Nxg4 36.Qb3+ Kg7
37.Rc2 Kh6 38.Qc3 Rd4 39.Kg2 Qe5 40.Rh1+  1-0

[Event "IV Copa Itau"]
[Site "Sao Paulo BRA"]
[Date "2000.10.21"]
[Round "6"]
[White "Dianda,J"]
[Black "Matsuura,E"]
[Result "0-1"]
[WhiteElo "2123"]
[BlackElo "2443"]

1.d4 Nf6 2.Nf3 g6 3.c4 Bg7 4.Nc3 O-O 5.e4 d6 6.Be2 Nbd7 7.O-O e5 8.Be3 c6
9.Qc2 Ng4 10.Bg5 Qc7 11.d5 h6 12.Bd2 a6 13.h3 Ngf6 14.Rfd1 c5 15.a3 Nh5 16.b4 b6
17.Rab1 Qd8 18.bxc5 bxc5 19.Rb3 Nf4 20.Bf1 f5 21.g3 Nh5 22.Bg2 Nb6 23.Qd3 f4
24.g4 Nf6 25.Rdb1 Nbd7 26.Na4 Qe8 27.Nb6 Nxb6 28.Rxb6 h5 29.g5 Nxe4 30.Qxe4 Bf5
31.Qe1 Bxb1 32.Qxb1 e4 33.Rxd6 Rb8 34.Qe1 exf3 35.Qxe8 Rfxe8 36.Bxf3 Rb2
37.Ba5 Kf7 38.Rxa6 Bd4 39.d6 Rxf2 40.Bd5+ Kf8 41.Ra8 Rd2+ 42.Kh1 Rd1+ 43.Kg2 Rxa8
44.Bxa8 Be5 45.Bd5 Bxd6  0-1

[Event "TCh-SVK"]
[Site "SVK"]
[Date "2000.10.21"]
[Round "1"]
[White "Veselsky,J"]
[Black "Hlinka,V"]
[Result "1/2-1/2"]
[WhiteElo "2204"]
[BlackElo "2191"]

1.d4 Nf6 2.Nf3 g6 3.c4 Bg7 4.Nc3 d6 5.e4 O-O 6.Be2 e5 7.dxe5 dxe5 8.Qxd8 Rxd8
9.Bg5 Rf8 10.Nd5 Nxd5 11.cxd5 c6 12.Bc4 b5 13.Bb3 a5 14.a4 bxa4 15.Rxa4 Bb7
16.O-O cxd5 17.exd5 Nd7 18.Be3 Rfc8 19.Rc4 Rxc4 20.Bxc4 e4 21.Ng5 Ne5 22.Ba2 Ba6
23.Rc1 h6 24.Nxe4 Nd3 25.Rc7 Nb4 26.Bb3 a4 27.Bxa4 Nxd5 28.Ra7 Rxa7 29.Bxa7 Bxb2
30.Bb3 Bb7 31.Nd6 Ba8 32.Be3 Kg7 33.Ne8+ Kh7 34.Bc5 Bc6 35.Nd6 Kg7 36.Nc4 Bf6
37.g3 Bd7 38.Nd6 Nc7 39.Bxf7 Ne6 40.Be3 Be7 41.Bxe6 Bxe6 42.Ne8+ Kh7 43.Bd4 Bd7
44.Nc7 Bc6 45.Ne6 Bd5 46.Nf4 Bf3 47.Nd3 Bd6 48.Ne1 Bd5 49.Bc3 g5 50.f3 Bc5+
51.Kf1 Bc4+ 52.Kg2 Bd5 53.h3 h5 54.Nd3 Bd6 55.Nf2 Kg6 56.Bd4 Bc7 57.g4 Bf4
58.Ne4 Bc4 59.Kf2 h4 60.Be3 Bg3+ 61.Nxg3 hxg3+ 62.Kxg3 Bb5 63.h4 gxh4+ 64.Kxh4 Bd7  1/2-1/2

[Event "22nd Open"]
[Site "Arco ITA"]
[Date "2000.10.22"]
[Round "2"]
[White "Gofshtein,L"]
[Black "Jens,J"]
[Result "1-0"]
[WhiteElo "2561"]
[BlackElo "2280"]

1.d4 Nf6 2.Nf3 g6 3.c4 Bg7 4.Nc3 O-O 5.e4 d6 6.Be2 e5 7.Be3 Ng4 8.Bg5 f6
9.Bh4 g5 10.Bg3 Nc6 11.d5 Ne7 12.Nxg5 Nxf2 13.Bxf2 fxg5 14.Bg4 Ng6 15.g3 Bd7
16.O-O Qc8 17.Bxd7 Qxd7 18.Qh5 g4 19.Be3 a6 20.a4 Kh8 21.Kg2 c5 22.a5 Rab8
23.Rxf8+ Rxf8 24.Rf1 Qc7 25.Ra1 Rf3 26.Nd1 Qd7 27.Ra3 Nf4+ 28.gxf4 exf4 29.Bd2 Rxa3
30.bxa3 f3+ 31.Kg3 Be5+ 32.Bf4  1-0

[Event "It"]
[Site "Alushta UKR"]
[Date "2000.10.24"]
[Round "10"]
[White "Ovsejevitsch,S"]
[Black "Miroshnichenko,E"]
[Result "1-0"]
[WhiteElo "2526"]
[BlackElo "2509"]

1.d4 Nf6 2.c4 g6 3.Nc3 Bg7 4.e4 O-O 5.Nf3 d6 6.Be2 e5 7.O-O c6 8.d5 Na6 9.Bg5 h6
10.Bh4 g5 11.Bg3 Nc5 12.Nd2 a5 13.b3 Bd7 14.a3 Qb6 15.Rb1 cxd5 16.Nxd5 Nxd5
17.cxd5 f5 18.exf5 Bxf5 19.Nc4 Qd8 20.Rc1 a4 21.bxa4 Rxa4 22.Nxe5 Re4 23.Nc4 Rd4
24.Qe1 Re8 25.Nxd6 Nd3 26.Bxd3 Rxe1 27.Rfxe1 Rxd3 28.Nxf5 Bf8 29.d6 Qa5 30.Ne7+ Kf7
31.h3 Rxa3 32.Red1 h5 33.Nc8 h4 34.Be5 Ra2 35.d7 Rd2 36.Nd6+ Bxd6 37.Bxd6 Ke6
38.Rxd2  1-0

[Event "11th ch-NATO"]
[Site "Leopoldsburg BEL"]
[Date "2000.10.24"]
[Round "2"]
[White "Doettling,F"]
[Black "Gooris,J"]
[Result "1-0"]
[WhiteElo "2473"]
[BlackElo "2088"]

1.d4 Nf6 2.Nf3 g6 3.c4 Bg7 4.Nc3 O-O 5.e4 d6 6.Be2 Nbd7 7.O-O e5 8.Be3 c6
9.d5 c5 10.Ne1 Ne8 11.Nd3 f5 12.exf5 gxf5 13.f4 b6 14.Qd2 Qf6 15.Rac1 Qg6
16.a3 Nef6 17.b4 Kh8 18.Ne1 Rg8 19.Kh1 Ng4 20.Bxg4 Qxg4 21.Nb5 Qg6 22.Nf3 Bh6
23.Nh4 Qh5 24.Nxd6 Qxh4 25.Nxf5 Qh5 26.Nxh6 Qxh6 27.fxe5 Qg7 28.e6 Nf6 29.bxc5 bxc5
30.Qb2 Ne4 31.Qxg7+ Kxg7 32.Rf4 Ng5 33.Rg4 h6 34.h4  1-0

[Event "34th Olympiad"]
[Site "Istanbul TUR"]
[Date "2000.10.29"]
[Round "2"]
[White "Johannessen,LE"]
[Black "Simutowe,A"]
[Result "1-0"]
[WhiteElo "2422"]
[BlackElo "2322"]

1.d4 Nf6 2.c4 g6 3.Nc3 Bg7 4.e4 d6 5.Nf3 O-O 6.Be2 e5 7.O-O Na6 8.Be3 Ng4
9.Bg5 f6 10.Bc1 Kh8 11.h3 Nh6 12.dxe5 dxe5 13.Qxd8 Rxd8 14.Be3 c6 15.Rfd1 Re8
16.Nd2 Bf8 17.a3 f5 18.f3 Nc5 19.b4 Ne6 20.Nb3 Nf4 21.Bf1 fxe4 22.Nxe4 Nf5
23.Bf2 Ne6 24.Ra2 Bg7 25.Rd6 Ng5 26.Re2 Be6 27.Re1 Nf7 28.Rdd1 Bc8 29.Nbc5 Ng3
30.Bxg3 b6 31.Nb3 Be6 32.Nd4 a5 33.bxa5 bxa5 34.c5 Bc4 35.Bf4 Rac8 36.Bxe5 a4
37.Bd6 Bh6 38.h4 Bd5 39.g3 Ra8 40.Nb5 Bb3 41.Nc7 Bxd1 42.Rxd1 Rac8 43.Nxe8 Rxe8
44.Kg2 Kg8 45.Rb1 g5 46.Re1  1-0

[Event "34th Olympiad"]
[Site "Istanbul TUR"]
[Date "2000.10.29"]
[Round "2"]
[White "Leyva,H"]
[Black "Kotronias,V"]
[Result "1/2-1/2"]
[WhiteElo "2409"]
[BlackElo "2539"]

1.d4 Nf6 2.Nf3 g6 3.c4 Bg7 4.Nc3 O-O 5.e4 d6 6.Be2 e5 7.d5 a5 8.Bg5 h6 9.Bh4 Na6
10.O-O Qe8 11.Nd2 Nh7 12.Kh1 h5 13.f3 Bh6 14.a3 Bd7 15.b3 Be3 16.Rb1 Bc5
17.Qc1 c6 18.Rf2 Qe7 19.b4 axb4 20.Nb3 b6 21.Nxc5 bxc5 22.Bd3 Rfb8 23.Ra2 Qd8
24.Rbb2 Qc8 25.Kg1 Kg7 26.Kf2 Qd8 27.Na4 Nf6 28.Nc3 Qb6 29.g4 Nh7 30.Kg2 f6
31.Qf1 Ng5 32.Qe2 Nf7 33.Kg3 g5 34.Qf1 Nh8 35.Qa1 Qb7 36.Rxb4 Qxb4 37.Kg2 Kg6
38.Qf1  1/2-1/2

[Event "34th Olympiad"]
[Site "Istanbul TUR"]
[Date "2000.10.29"]
[Round "2"]
[White "Karttunen,M"]
[Black "Kupreichik,V"]
[Result "1-0"]
[WhiteElo "2399"]
[BlackElo "2472"]

1.d4 Nf6 2.c4 g6 3.Nc3 Bg7 4.e4 d6 5.Nf3 O-O 6.Be2 e5 7.d5 Na6 8.Nd2 Ne8
9.h4 f5 10.h5 Nf6 11.hxg6 hxg6 12.Nf3 Nc5 13.Ng5 a5 14.Be3 f4 15.Bxc5 dxc5
16.Nb5 Ne8 17.Ne6 Bxe6 18.dxe6 Qg5 19.Qd3 c6 20.Qh3 Rf6 21.Nc3 Rd8 22.Rd1 Rxd1+
23.Kxd1 f3 24.Bxf3 Nc7 25.Bg4 Rxf2 26.Ne2 Qd8+ 27.Kc1 Qg5+ 28.Kb1 Qd2 29.Qh7+ Kf8
30.Qxg6 Qd3+ 31.Ka1 Qd6 32.Bf3 Nxe6 33.Qg3 Rxe2 34.Bxe2 Nf4 35.Rd1 Qe7 36.Qf2 Kg8
37.Bg4 Qg5 38.Qf3 Bf6 39.g3 Ng6 40.Kb1 Nf8 41.a4 Qg7 42.Bf5 Bg5 43.Rd3 Qe7
44.Qg4 Kg7 45.Rd1 Kf7 46.Qh5+ Kg7 47.Rh1 Bf6 48.Qd1 Kf7 49.Qd2 Qc7 50.g4 Qd8
51.Qxd8 Bxd8 52.Rh5 Bf6 53.Kc2 Ke7 54.Kd3 Kd6 55.Ke2 Ke7 56.Kf3 Bg7 57.g5 Kd6
58.Kg4 Kc7 59.Rh3 Kd8 60.Rd3+ Kc7 61.Kh5 Kb6 62.Rd8 Kc7 63.Rxf8 Bxf8 64.Kg6 Be7
65.Kh6 b5 66.b3  1-0

[Event "34th Olympiad Women"]
[Site "Istanbul TUR"]
[Date "2000.10.29"]
[Round "2"]
[White "Khegai,A"]
[Black "Eidelson,R"]
[Result "0-1"]
[WhiteElo "2234"]
[BlackElo "2360"]

1.d4 Nf6 2.Nf3 g6 3.c4 Bg7 4.Nc3 O-O 5.e4 d6 6.Be2 Na6 7.O-O e5 8.d5 Nc5
9.Qc2 a5 10.Nd2 Bg4 11.f3 Bd7 12.b3 Nh5 13.Rd1 Nf4 14.Bf1 Qg5 15.Ndb1 f5
16.Kh1 fxe4 17.Nxe4 Nxe4 18.fxe4 Bg4 19.Re1 Qh4 20.Qc3 Nh5 21.Na3 Rf2 22.Kg1 Raf8
23.Be3 Nf4 24.Kh1 Nh5 25.Bxf2 Rxf2 26.Rec1 Bh6 27.Rc2 Bf4 28.h3 Ng3+ 29.Kg1 Nxe4
30.Qe1 Bf5 31.Bd3 Qxh3 32.Bxe4 Qh2+ 33.Kxf2 Bg3+ 34.Kf3 Bxe1 35.Bxf5 Qg3+
36.Ke2 Qf2+ 37.Kd1 Qd4+ 38.Ke2 Qxa1 39.Bd3 Bh4 40.Be4 Qd4 41.Kf3 Qd1+ 42.Ke3 Bg5+
43.Kf2 Qd4+  0-1

[Event "34th Olympiad"]
[Site "Istanbul TUR"]
[Date "2000.10.29"]
[Round "2"]
[White "Jacimovic,D"]
[Black "Safin,S"]
[Result "1/2-1/2"]
[WhiteElo "2465"]
[BlackElo "2518"]

1.d4 Nf6 2.c4 g6 3.Nc3 Bg7 4.e4 d6 5.Nf3 O-O 6.Be2 e5 7.d5 a5 8.h3 Na6 9.Bg5 Qe8
10.g4 Kh8 11.Rg1 Bd7 12.Nd2 Ng8 13.h4 f5 14.gxf5 gxf5 15.exf5 Nc5 16.Nde4 Nxe4
17.Nxe4 Bxf5 18.Bd3 Bxe4 19.Bxe4 Nf6 20.Qe2 Nxe4 21.Qxe4 Qh5 22.Qg4 Qxg4
23.Rxg4 Bf6 24.Ke2  1/2-1/2

[Event "34th Olympiad"]
[Site "Istanbul TUR"]
[Date "2000.10.29"]
[Round "2"]
[White "Leyva,H"]
[Black "Kotronias,V"]
[Result "1/2-1/2"]
[WhiteElo "2409"]
[BlackElo "2539"]

1.d4 Nf6 2.Nf3 g6 3.c4 Bg7 4.Nc3 O-O 5.e4 d6 6.Be2 e5 7.d5 a5 8.Bg5 h6 9.Bh4 Na6
10.O-O Qe8 11.Nd2 Nh7 12.Kh1 h5 13.f3 Bh6 14.a3 Bd7 15.b3 Be3 16.Rb1 Bc5
17.Qc1 c6 18.Bf2 Bxf2 19.Rxf2 Qe7 20.b4 axb4 21.axb4 c5 22.bxc5 Nxc5 23.Nb3 b6
24.Nxc5 bxc5 25.Bd3 Rfb8 26.Ra2 Qd8 27.Rxb8 Qxb8 28.Rxa8 Qxa8 29.Kg1 Kg7
30.Kf2 Qd8 31.Bc2 h4 32.Ba4 Bxa4 33.Nxa4 Nf6 34.Nc3 Nh5 35.Ne2 Qb6 36.g4 hxg3+
37.hxg3 Qa6 38.g4 Nf6 39.Ng3 Qa2+ 40.Kg1 Nh7 41.Nh1 Qb3 42.Kg2 f6 43.Qf1 Ng5
44.Qe2 Kf8 45.Nf2 Ke7 46.Nh3 Nf7 47.Kg3 g5 48.Qf1 Nh8 49.Qa1 Qb7 50.Nf2 Ng6
51.Qa2 Nf4 52.Nh3 Qb4 53.Nxf4 Qe1+ 54.Kg2 gxf4 55.Qf2 Qd1 56.Qa2 Kf7 57.Qf2 Kg6
58.Qf1 Qc2+ 59.Kh3 Kh6 60.g5+ fxg5 61.Qh1 Qf2 62.Kg4+ Kg7 63.Qh5  1/2-1/2

[Event "34th Olympiad"]
[Site "Istanbul TUR"]
[Date "2000.10.29"]
[Round "2"]
[White "Karttunen,M"]
[Black "Kupreichik,V"]
[Result "1-0"]
[WhiteElo "2399"]
[BlackElo "2472"]

1.d4 Nf6 2.c4 g6 3.Nc3 Bg7 4.e4 d6 5.Nf3 O-O 6.Be2 e5 7.d5 Na6 8.Nd2 Ne8
9.h4 f5 10.h5 Nf6 11.hxg6 hxg6 12.Nf3 Nc5 13.Ng5 a5 14.Be3 f4 15.Bxc5 dxc5
16.Nb5 Ne8 17.Qd3 Be6 18.dxe6 Qxg5 19.Qh3 c6 20.Nc3 Rf6 21.Rd1 f3 22.Bxf3 Nc7
23.Bg4 Rxf2 24.Ne2 Kf8 25.Bf3 Nxe6 26.Qg3 Rxe2+ 27.Bxe2 Nf4 28.Qf2 Qe7 29.Bg4 Kg8
30.Qf3 Qg5 31.g3 Bf6 32.a4 Nd3+ 33.Rxd3 Kg7 34.Rd1 Kf7 35.Bf5 Kg7 36.Qh5 Kf7
37.g4 Ke7 38.Rd6 Qxh5 39.Rxh5 Kxd6 40.Ke2 Ke7 41.Kf3 Bg7 42.g5 Kd6 43.Kg4 Kc7
44.Rh3 Kd8 45.Rd3+ Kc7 46.Rd8 Kb6 47.Rf8 Kc7 48.b3 b5  1-0

[Event "34th Olympiad"]
[Site "Istanbul TUR"]
[Date "2000.10.29"]
[Round "2"]
[White "Johannessen,LE"]
[Black "Simutowe,A"]
[Result "1-0"]
[WhiteElo "2422"]
[BlackElo "2322"]

1.d4 Nf6 2.c4 g6 3.Nc3 Bg7 4.e4 d6 5.Nf3 O-O 6.Be2 e5 7.O-O Na6 8.Be3 Ng4
9.Bg5 f6 10.Bc1 Kh8 11.h3 Nh6 12.dxe5 dxe5 13.Qxd8 Rxd8 14.Be3 c6 15.Rfd1 Re8
16.Nd2 Bf8 17.a3 f5 18.f3 Nc5 19.b4 Ne6 20.Nb3 Nf4 21.Bf1 fxe4 22.Nxe4 Nf5
23.Bf2 Ne6 24.Ra2 Bg7 25.Nd6 Nxd6 26.Rxd6 e4 27.fxe4 Ng5 28.Re2 Be6 29.Re1 Nf7
30.Rdd1 Ne5 31.Nc5 Bc8 32.Bg3 b6 33.Nb3 Be6 34.Nd4 Bg8 35.c5 bxc5 36.bxc5 a5
37.Nf3 Nc4 38.Bxc4 Bxc4 39.Nd4 Rac8 40.Bd6 a4 41.e5 Bh6 42.h4 Bd5 43.g3 Ra8
44.Nb5 Bb3 45.Nc7 Bxd1 46.Rxd1 Rac8 47.Nxe8 Rxe8 48.Kg2 Kg8 49.Kf3 Kf7 50.Ke4 Ke6
51.Rb1 g5 52.Rf1 Bg7 53.hxg5 Rg8 54.Rb1 Bf8 55.Rb8  1-0

[Event "34th Olympiad"]
[Site "Istanbul TUR"]
[Date "2000.10.30"]
[Round "3"]
[White "Lutz,C"]
[Black "Komliakov,V"]
[Result "1-0"]
[WhiteElo "2595"]
[BlackElo "2453"]

1.e4 g6 2.d4 Bg7 3.Nf3 d6 4.Be2 Nd7 5.O-O e5 6.c4 Ngf6 7.Nc3 O-O 8.Be3 Re8
9.Qc2 h6 10.d5 Ng4 11.Bd2 Rf8 12.g3 Ngf6 13.b4 Ne8 14.Rac1 Kh7 15.Nh4 Ndf6
16.c5 Ng8 17.Rfe1 Ne7 18.Bf1 f5 19.exf5 Nxf5 20.Nxf5 gxf5 21.Be3 Kh8 22.f4 Nf6
23.cxd6 cxd6 24.fxe5 dxe5 25.Bc5 Re8 26.Nb5 Ne4 27.Rxe4 fxe4 28.Nd6 Rf8 29.Nxc8 Rxc8
30.Qxe4 Qg5 31.Rc2 Rf4 32.Be3 Rxc2 33.Bxf4 Qg4 34.Qxc2 exf4 35.Qe4 Qd1 36.Qe8+ Kh7
37.Qe4+ Kh8 38.Kg2 Qd2+ 39.Kh3 Qe3 40.Qf5 fxg3 41.hxg3 Be5 42.Qg4 Qg5 43.Qxg5 hxg5
44.Kg4 Kg7 45.Kf5 Bxg3 46.Ke6 g4 47.d6 Kf8 48.d7 Bc7 49.a4 g3 50.Bg2 b5 51.a5 a6
52.Bh3 Bd8 53.Bg2 Bc7 54.Bd5 Bd8 55.Kd6 Kg7 56.Kc6 Kf6 57.Kb7 Ke5 58.Bg2 Kd6
59.Kc8 Bf6 60.d8=Q+  1-0

[Event "34th Olympiad"]
[Site "Istanbul TUR"]
[Date "2000.10.31"]
[Round "4"]
[White "Pedersen,St"]
[Black "Khruschiov,A"]
[Result "1/2-1/2"]
[WhiteElo "2464"]
[BlackElo "2381"]

1.d4 Nf6 2.c4 g6 3.Nc3 Bg7 4.e4 O-O 5.Nf3 d6 6.Be2 e5 7.O-O exd4 8.Nxd4 Re8
9.f3 Nc6 10.Be3 Nh5 11.Qd2 f5 12.Nxc6 bxc6 13.Bd4 Nf4 14.Rf2 Qg5 15.Kh1 Bxd4
16.Qxd4 Ne6 17.Qd1 Qe3 18.Qe1 Nc5 19.b4 Nd3 20.Bxd3 Qxd3 21.Rc1 Qd4 22.Rd2 Qg7
23.Qf2 fxe4 24.Nxe4 Bd7 25.Qh4  1/2-1/2

[Event "34th Olympiad"]
[Site "Istanbul TUR"]
[Date "2000.10.31"]
[Round "4"]
[White "Ftacnik,L"]
[Black "Milos,G"]
[Result "1/2-1/2"]
[WhiteElo "2608"]
[BlackElo "2633"]

1.d4 Nf6 2.Nf3 g6 3.c4 Bg7 4.Nc3 O-O 5.e4 d6 6.Be2 e5 7.O-O Na6 8.Re1 c6
9.Bf1 exd4 10.Nxd4 Ng4 11.h3 Qb6 12.hxg4 Bxd4 13.Be3 Bxe3 14.Rxe3 Nc5 15.Rb1 Qc7
16.b4 Nd7 17.Be2 a5 18.a3 axb4 19.axb4 Nf6 20.Qd4 Qe7 21.g5 Ne8 22.e5 Bf5
23.exd6 Qxd6 24.Qxd6 Nxd6 25.Rd1 Nc8 26.g4 Be6 27.Ne4 Nb6 28.b5 Bxc4 29.bxc6 Bxe2  1/2-1/2

[Event "34th Olympiad"]
[Site "Istanbul TUR"]
[Date "2000.10.31"]
[Round "4"]
[White "Ali,M"]
[Black "Sharavdorj,D"]
[Result "1/2-1/2"]
[WhiteElo "2205"]
[BlackElo "2448"]

1.Nf3 Nf6 2.d4 g6 3.c4 Bg7 4.Nc3 O-O 5.e4 d6 6.Be2 e5 7.dxe5 dxe5 8.Qxd8 Rxd8
9.Bg5 Nbd7 10.Rd1 Rf8 11.Nd2 c6 12.Be3 Re8 13.f3 Bf8 14.Nb3 Nh5 15.g3 Ng7
16.O-O Ne6 17.Na4 b6 18.Rf2 Ndc5 19.Naxc5 bxc5 20.Na5 Nd4 21.Bd3 Bd7 22.Bd2 Rab8
23.Bc3 Rb6 24.Kg2 Ra6 25.f4 f6 26.Rdf1 Be7 27.h3 Be6 28.g4 h6 29.f5 Bf7 30.h4 g5
31.Rh1 Kg7 32.Kg3 Rd8 33.Bf1 Bg8 34.Rfh2 Rb8 35.hxg5 hxg5 36.Rh8 Bd8 37.Nb3 Nxb3
38.axb3 Rab6 39.R8h6 Rxb3 40.Rg6+ Kf7 41.Bd3 Be7 42.Rh8 R3b7 43.Kf3 Rb6 44.Ke3 Ra6
45.Rgh6 Rd8 46.Be2 Ra2 47.Rh1 a5 48.Bd1 a4 49.Bc2 Kg7 50.Bb1 Ra1 51.Bd3 Rxh1
52.Rxh1 Bf7 53.Ra1 Rh8 54.Rxa4 Rh3+ 55.Kd2 Rh2+ 56.Ke3 Rh3+ 57.Kd2 Rh2+ 58.Ke3  1/2-1/2

[Event "Chigorin Mem"]
[Site "St Petersburg RUS"]
[Date "2000.10.31"]
[Round "1"]
[White "Lugovoi,A"]
[Black "Nikolaev,N"]
[Result "1-0"]
[WhiteElo "2534"]
[BlackElo "2312"]

1.d4 Nf6 2.c4 g6 3.Nc3 Bg7 4.e4 d6 5.Nf3 O-O 6.Be2 e5 7.d5 Nbd7 8.Be3 Nc5
9.Nd2 a5 10.g4 Ne8 11.h4 f5 12.g5 f4 13.Bxc5 dxc5 14.Bg4 Bh8 15.Bxc8 Rxc8
16.Nf3 Ng7 17.Nxe5 Qe7 18.Ng4 Nf5 19.Qd3 Nd6 20.Nh6+ Kg7 21.O-O-O Nf7 22.Ng4 Ne5
23.Nxe5 Qxe5 24.h5 f3 25.hxg6 hxg6 26.Rh3 Kg8 27.Kb1 Rf4 28.d6 cxd6 29.Qxd6 Qxd6
30.Rxd6 Bxc3 31.bxc3 Rc6 32.Rd8+ Kg7 33.Rdh8 Kf7 34.R3h7+ Ke6  1-0

[Event "34th Olympiad"]
[Site "Istanbul TUR"]
[Date "2000.11.01"]
[Round "5"]
[White "Halkias,S"]
[Black "Silva Sanchez,C"]
[Result "1-0"]
[WhiteElo "2502"]
[BlackElo "2407"]

1.d4 Nf6 2.Nf3 g6 3.c4 Bg7 4.Nc3 O-O 5.e4 d6 6.Be2 e5 7.Be3 exd4 8.Nxd4 Re8
9.f3 c6 10.Qd2 d5 11.exd5 cxd5 12.O-O Nc6 13.Rad1 dxc4 14.Bxc4 Nxd4 15.Bxd4 Be6
16.Bb5 Rf8 17.Qf2 a6 18.Be2 Re8 19.f4 b5 20.Bf3 Rc8 21.Be5 Qe7 22.Bd6 Qd8
23.h3 Qa5 24.Rfe1 Red8 25.Kh1 Rd7 26.a3 Rcd8 27.Qc5 Ne8 28.Be5 Rxd1 29.Bxd1 Bf8
30.Qf2 b4 31.axb4 Qxb4 32.Ba4 Bc5 33.Qg3 f6 34.Bxe8 Rxe8 35.Bxf6 Bf7 36.Be5 Be7
37.Ne4 Bd5 38.Bc3 Qb5 39.Qe3 Bxe4 40.Qxe4 Kf7 41.Qd4  1-0

[Event "34th Olympiad"]
[Site "Istanbul TUR"]
[Date "2000.11.01"]
[Round "5"]
[White "Rogers,I"]
[Black "Krylov,Se"]
[Result "1-0"]
[WhiteElo "2558"]
[BlackElo "2344"]

1.d4 Nf6 2.c4 g6 3.Nc3 Bg7 4.e4 d6 5.Nf3 O-O 6.Be2 e5 7.d5 a5 8.Bg5 h6 9.Bh4 Qe8
10.Nd2 Na6 11.a3 Bd7 12.b3 Nh7 13.Rb1 Nc5 14.f3 f5 15.b4 axb4 16.axb4 Na4
17.Qc2 Nxc3 18.Qxc3 g5 19.Bf2 g4 20.fxg4 fxe4 21.O-O Nf6 22.h3 c6 23.Bh4 cxd5
24.Bxf6 Bxf6 25.cxd5 Rc8 26.Qg3 Qg6 27.Qe3 Bg5 28.Qxe4 Be8 29.Rxf8+ Kxf8
30.Qf3+ Ke7 31.Bd3 Qf7 32.Bf5 Rc7 33.Qd3 Ba4 34.Be6 Qe8 35.Ra1 Bc2 36.Qe2 Qg6
37.Qf2 Bxd2 38.Qxd2 Qg5 39.Qf2 Qf4 40.Qxf4 exf4 41.Rc1 Rc4 42.Kf2 Kf6 43.h4 b5
44.Bf5 Bd3 45.Rxc4 Bxc4 46.Be6 Bb3 47.Kf3 Ke5 48.g5 hxg5 49.hxg5 Ba4 50.Kf2 Bc2
51.Bf7 Be4 52.g3 fxg3+ 53.Kxg3 Kd4 54.Kh4 Kc4 55.Kh5 Kxb4 56.g6  1-0

[Event "34th Olympiad"]
[Site "Istanbul TUR"]
[Date "2000.11.01"]
[Round "5"]
[White "Rogers,I"]
[Black "Krylov,Se"]
[Result "1-0"]
[WhiteElo "2558"]
[BlackElo "2344"]

1.d4 Nf6 2.c4 g6 3.Nc3 Bg7 4.e4 d6 5.Nf3 O-O 6.Be2 e5 7.d5 a5 8.Bg5 h6 9.Bh4 Qe8
10.Nd2 Na6 11.a3 Bd7 12.b3 Nh7 13.Rb1 Nc5 14.f3 f5 15.b4 axb4 16.axb4 Na4
17.Qc2 Nxc3 18.Qxc3 g5 19.Bf2 g4 20.fxg4 fxe4 21.O-O Nf6 22.h3 c6 23.Bh4 cxd5
24.Bxf6 Bxf6 25.cxd5 Rc8 26.Qg3 Qg6 27.Qe3 Bg5 28.Qxe4 Be8 29.Rxf8+ Kxf8
30.Qf3+ Ke7 31.Bd3 Qf7 32.Bf5 Rc7 33.Qd3 Ba4 34.Be6 Qe8 35.Ra1 Bc2 36.Qe2 Qg6
37.Qf2 Bxd2 38.Qxd2 Qg5 39.Qf2 Qf4 40.Qxf4 exf4 41.Rc1 Rc4 42.Kf2 Kf6 43.h4  1-0

[Event "34th Olympiad"]
[Site "Istanbul TUR"]
[Date "2000.11.01"]
[Round "5"]
[White "Michel Yunis,C"]
[Black "Nikolaidis,I"]
[Result "0-1"]
[WhiteElo "2380"]
[BlackElo "2512"]

1.d4 Nf6 2.Nf3 g6 3.c4 Bg7 4.Nc3 O-O 5.e4 d6 6.Be2 e5 7.d5 Nbd7 8.Bg5 h6
9.Bh4 Re8 10.Nd2 g5 11.Bg3 Nf8 12.O-O Ng6 13.Re1 Nf4 14.f3 c5 15.Nf1 h5 16.Ne3 Kh8
17.Kh1 Rg8 18.Bf2 Bh6 19.Nf5 Bxf5 20.exf5 Nxe2 21.Qxe2 g4 22.Ne4 Nxe4 23.fxe4 Qf6
24.a3 a5 25.Rab1 b6 26.g3 Qg5 27.Red1 Kg7 28.Kg2 Rgb8 29.b4 axb4 30.axb4 Rd8
31.Rb3 Ra4 32.Qc2 Rda8 33.bxc5 bxc5 34.Rb6 Ra2 35.Rb2 R2a3 36.Rd3 Ra1 37.Rd1 Rxd1
38.Qxd1 Ra3 39.Qc2 Ra1 40.Ra2 Qc1 41.Qxc1 Rxc1 42.Ra6 Rxc4 43.Rxd6 Rxe4 44.Bxc5 Be3
45.Bxe3 Rxe3 46.Kf2 Rf3+ 47.Ke2 Rxf5 48.Ke3 Rf1 49.Ke4 f6 50.Rd7+ Kg6 51.Kd3 Rd1+
52.Kc4 Kf5 53.Kc5 Ke4 54.Rd8 f5 55.d6 Rc1+ 56.Kb4 Kd5 57.d7 Rc7 58.Rf8 Rxd7
59.Rxf5 Kd4 60.Kb3 e4 61.Kc2 Rd5 62.Rf7 Ke3 63.Rf4 Rd2+  0-1

[Event "34th Olympiad"]
[Site "Istanbul TUR"]
[Date "2000.11.01"]
[Round "5"]
[White "Piket,Je"]
[Black "Comas Fabrego,L"]
[Result "1/2-1/2"]
[WhiteElo "2649"]
[BlackElo "2516"]

1.d4 Nf6 2.c4 g6 3.Nc3 Bg7 4.e4 d6 5.Nf3 O-O 6.Be2 e5 7.O-O Na6 8.Bg5 h6
9.Bh4 g5 10.dxe5 Nh5 11.Bg3 Nxg3 12.hxg3 dxe5 13.Nh2 c6 14.Ng4 Qxd1 15.Rfxd1 Bxg4
16.Bxg4 Rfd8 17.Rxd8+ Rxd8 18.Rd1 Rxd1+ 19.Nxd1 Nc5 20.f3 a5 21.Kf2 Kf8 22.Ke2 Ke7
23.Kd2 Bf8 24.Ne3 Kd8 25.Bh5 Ke7 26.Bg4 Kd8 27.Bh5 Ke7 28.Bg4  1/2-1/2

[Event "Chigorin Mem"]
[Site "St Petersburg RUS"]
[Date "2000.11.01"]
[Round "2"]
[White "Grechihin,V"]
[Black "Salinnikov,D"]
[Result "0-1"]
[WhiteElo "2540"]
[BlackElo "2391"]

1.Nf3 Nf6 2.c4 g6 3.Nc3 Bg7 4.e4 d6 5.d4 O-O 6.Be2 e5 7.O-O Nh5 8.dxe5 dxe5
9.Qxd8 Rxd8 10.Bg5 f6 11.Rfd1 Re8 12.Be3 c6 13.c5 Bf8 14.Nd2 Nf4 15.Bf1 Ne6
16.b4 b6 17.cxb6 axb6 18.a3 Nd4 19.Bxd4 exd4 20.Bc4+ Kh8 21.Ne2 Bg7 22.Ng3 Nd7
23.Bb3 Ne5 24.Nc4 Be6 25.Nd2 c5 26.Bxe6 Rxe6 27.bxc5 bxc5 28.f4 Nd3 29.f5 Rea6
30.Nb3 c4 31.Nxd4 Bf8 32.Ne6 Bxa3 33.Kf1 Bb2 34.Rxa6 Rxa6 35.Ne2 Be5 36.g3 g5
37.Rd2 Kg8 38.N2d4 Ra1+ 39.Ke2 Re1+ 40.Kf3 g4+ 41.Kg2 Rxe4 42.Nc6 Bb2 43.Na5 Bc3
44.Ra2 Bxa5 45.Rxa5 c3 46.Ra8+ Kf7 47.Ra7+ Ke8 48.Ra8+ Ke7 49.Ra7+ Kd6 50.Ra6+ Kd5
51.Ra5+ Kc4 52.Ra4+ Nb4 53.Nf4 c2 54.Ra8 Kb3 55.Rc8 Kb2  0-1

[Event "Chigorin Mem"]
[Site "St Petersburg RUS"]
[Date "2000.11.01"]
[Round "2"]
[White "Akimov,I"]
[Black "Kochyev,A"]
[Result "1/2-1/2"]
[WhiteElo "2258"]
[BlackElo "2422"]

1.d4 Nf6 2.Nf3 g6 3.c4 Bg7 4.Nc3 d6 5.e4 O-O 6.Be2 e5 7.O-O Nbd7 8.Re1 c6
9.Bf1 a5 10.Rb1 Re8 11.d5 Nc5 12.b3 Bd7 13.dxc6 Bxc6 14.Nd2 Bh6 15.f3 Nh5  1/2-1/2